| 000 | 01237nam0a2200313 4500 | ||
|---|---|---|---|
| 001 | RU\NLR\bibl\4593 | ||
| 005 | 20260406043943.0 | ||
| 010 |
_a5-295-01962-4 _94000 |
||
| 021 |
_aRU _b98-4786 _9227 |
||
| 035 | _a(NLR Aleph) 000004460 | ||
| 090 |
_a11534 _c11534 |
||
| 100 | _a19980805d1997 |||y0rusy50 ca | ||
| 101 | 0 | _arus | |
| 102 | _aRU | ||
| 105 | _a||||||||||||| | ||
| 200 | 1 |
_aАвтономия Башкортостана: становление национальной государственности башкирского народа (1917-1925 гг.) _fС.Ф. Касимов |
|
| 210 |
_aУфа _cКитап _d1997 |
||
| 215 |
_a351 с., [8] л. ил., карт. _d20 |
||
| 320 | _aБиблиогр.: с. 318-350 и в подстроч. прим. | ||
| 607 |
_aБашкирия _xАвтономия _xИстория _z1917 - 1925 _92081196 _3RU\NLR\auth\661257163 |
||
| 686 | _aТ3(2Р-6Б)71 | ||
| 686 | _aТ3(2)71-36 | ||
| 700 | 1 |
_4070 _8rus _7ca _aКасимов _bС. Ф. _f1934- _gСалават Фитратович _3RU\NLR\auth\773927 _9113916 |
|
| 801 | 0 |
_aRU _bNLR _c19980805 _gPSBO |
|
| 801 | 1 |
_aRU _bNLR _c19980805 |
|
| 830 | _aавт.раскрыт по кн. | ||
| 852 |
_aNLR _j98-3/2247 |
||
| 942 | _cBOOK | ||
| 980 | _aNB | ||